| 000 | 00520nam a2200217Ia 4500 | ||
|---|---|---|---|
| 003 | OSt | ||
| 005 | 20230525192933.0 | ||
| 008 | 210423s2000 xx 000 0 und d | ||
| 040 | _cAL | ||
| 041 | _akan | ||
| 082 |
_a628.13 _223 _bDIKK |
||
| 100 |
_aDIKSHITH (G S);others. _9114620 |
||
| 245 | _aKarnatakadalli kere neeravari. | ||
| 250 | _a1 | ||
| 260 |
_aHampi _bPrasasanga _c2000 |
||
| 300 | _avi,32 | ||
| 365 |
_b150 _cINR |
||
| 440 | _v1 | ||
| 906 | _aKarnatakadalli ; kere ; neeravari. | ||
| 942 |
_2ddc _cBK |
||
| 999 |
_c173335 _d173335 |
||